000
00182 a2200097 4500
041
_a
spa
100
_a
Abrahan Lincoln
245
_a
Un Legado de Libertad
942
_c
BK
952
_7
4
999
_c
17776
_d
17776